000 00388nam a2200157Ia 4500
008 200103s9999||||xx |||||||||||||| ||und||
020 _a08769235210,
040 _aIMU-MPC
082 _aColumn-17
100 _aRaharaman, V.
245 0 _aComputer Programming in FORTRAN IV
250 _a2nd ed.
260 _bPrentice-Hall of India, New Delhi
_c1998
300 _ax, 178
942 _cBK
999 _c6167
_d6167